|
|
|
|
| LEADER |
00000cam a2200000 a 4500 |
| 001 |
vtls008324191 |
| 003 |
SK-MaSNL |
| 005 |
20260301204633.0 |
| 008 |
230403s1964 xo g f 000 0 slo |
| 015 |
|
|
|a SNBA1964/09-01847
|
| 020 |
|
|
|q (brožované)
|
| 035 |
|
|
|a SK01SNK19640016408
|
| 035 |
|
|
|a urn:nbn:sk:snk-am3ikqp
|
| 035 |
|
|
|a B8A6479C-4D3D-44F8-91F1-8DAECFF96B64
|
| 035 |
|
|
|a urn:nbn:sk:snk-am00enhz
|
| 035 |
|
|
|a SKM000018871
|
| 040 |
|
|
|a SNK
|b slo
|c SNK
|e AACR2
|
| 041 |
0 |
|
|a slo
|
| 044 |
|
|
|a xo
|c SK
|
| 072 |
|
7 |
|a 331
|x Práca
|2 konspekt
|
| 080 |
|
|
|a 331.881+614.8+34:368.4(076.1)(076.2)
|2 1981
|
| 080 |
|
|
|a 614.8(076.1)(076.2)
|2 1981
|
| 080 |
|
|
|a 34(076.1)(076.2)
|2 1981
|
| 080 |
|
|
|a 368.4(076.1)(076.2)
|2 1981
|
| 080 |
|
|
|a 331.105.44
|2 2011
|
| 080 |
|
|
|a (035)
|2 2011
|
| 245 |
0 |
0 |
|a Maturita odborára 1963-1964
|b konzultácie : súťažné texty : správne odpovede
|c [zostavovateľ Gustáv Földi]
|
| 250 |
|
|
|a 1. vyd.
|
| 260 |
|
|
|a Bratislava
|b Práca
|c 1964
|
| 300 |
|
|
|a 127 strán
|c 20 cm
|
| 366 |
|
|
|e 18500 kusov
|
| 490 |
1 |
|
|a Knižnica odborára
|v zv. 4/64
|
| 610 |
2 |
7 |
|a Revolučné odborové hnutie
|2 SNKKA
|9 36449
|
| 648 |
|
7 |
|a 1963-1964
|2 SNKPH
|9 307873
|
| 650 |
0 |
7 |
|a odbory
|2 SNKPH
|9 2328
|
| 655 |
|
7 |
|a príručky
|2 SNKPH
|9 74364
|
| 700 |
1 |
|
|a Földi, Gustáv
|4 com
|9 344948
|
| 830 |
|
0 |
|a Knižnica odborára
|9 265915
|
| 852 |
|
|
|a Slovenská národná knižnica
|
| 954 |
|
|
|a odborná, vedecká literatúra pôvodná (slovenská)
|2 lita
|
| 958 |
|
|
|a RK
|
| 958 |
|
|
|a TL
|
| 958 |
|
|
|a OND
|
| 958 |
|
|
|a SP
|
| 958 |
|
|
|a EUIPO
|
| 999 |
|
|
|c 907151
|d 909081
|
| 952 |
|
|
|a SNK
|b SNK
|y PREZ
|7 0
|p 17A0842190
|o snkSC 16493/1963/1964
|i snkKSP 3721/64
|0 0
|1 0
|4 0
|d 2020-08-21
|f 1
|l 0
|r 2025-07-18 00:00:00
|w 2026-02-24
|